[Event "Bratislava Rintel Memorial"]
[Site "Bratislava"]
[Date "2018.09.01"]
[Round "7"]
[White "Paksi, Alexander"]
[Black "Janota, Frantisek"]
[Result "1/2-1/2"]
[WhiteElo "1000"]
[BlackElo "1000"]
[PlyCount "75"]
[EventDate "2018.08.29"]
[EventType "swiss"]
[EventRounds "7"]
[EventCountry "SVK"]
[SourceTitle "CBM 186 Extra"]
[Source "ChessBase"]
[SourceDate "2018.08.24"]
[SourceVersion "1"]
[SourceVersionDate "2018.08.24"]
[SourceQuality "1"]

1. e4 e5 2. Nf3 Nc6 3. Nc3 Nf6 4. Bb5 d6 5. 0-0 Bd7 6. d3 h6 7. Be3 a6 8. Ba4 b5 9. Bb3 b4 10. Ne2 Be6 11. Qd2 Be7 12. Rfe1 0-0 13. Ng3 Qd7 14. Nh4 Nd4 15. c3 Nh7 16. cxd4 Bxh4 17. dxe5 Rab8 18. exd6 Qxd6 19. Bxe6 fxe6 20. Rec1 a5 21. Bc5 Bg5 22. Bxd6 Bxd2 23. Bxf8 Bxc1 24. Rxc1 Nxf8 25. Rxc7 b3 26. axb3 Rxb3 27. Ra7 Rb5 28. h3 Ng6 29. Ne2 Ne5 30. Nd4 Rxb2 31. Rxa5 Nxd3 32. Ra8+ Kf7 33. Ra7+ Kf6 34. Ra3 Nxf2 35. Rf3+ Ke5 36. Rxf2 Rb1+ 37. Kh2 Kxd4 38. Rf7 1/2-1/2

[Event "Bratislava Rintel Memorial"]
[Site "Bratislava"]
[Date "2018.08.29"]
[Round "2"]
[White "Havaldova, Natalia"]
[Black "Janota, Frantisek"]
[Result "1-0"]
[WhiteElo "1079"]
[BlackElo "1000"]
[PlyCount "63"]
[EventDate "2018.08.29"]
[EventType "swiss"]
[EventRounds "7"]
[EventCountry "SVK"]
[SourceTitle "CBM 186 Extra"]
[Source "ChessBase"]
[SourceDate "2018.08.24"]
[SourceVersion "1"]
[SourceVersionDate "2018.08.24"]
[SourceQuality "1"]

1. e4 e5 2. Nf3 Nf6 3. Nxe5 d6 4. Nf3 Nxe4 5. Bc4 Qe7 6. 0-0 g6 7. Re1 Bg7 8. d3 Bg4 9. Rxe4 Bxf3 10. Qxf3 Be5 11. Bf4 0-0 12. d4 Nc6 13. dxe5 Nxe5 14. Qc3 Rad8 15. Na3 c6 16. Re2 d5 17. Rxe5 Qf6 18. Bg5 Qxe5 19. Qxe5 dxc4 20. Nxc4 f6 21. Bxf6 Rd5 22. Qf4 Rf5 23. Qh6 R8xf6 24. Re1 Rf4 25. Re8+ Rf8 26. Rxf8+ Rxf8 27. Nd6 Rd8 28. Qf4 Rf8 29. Qe5 Rd8 30. f3 a6 31. Nxb7 Rd1+ 32. Kf2 1-0